000 01013njm a2200253 i 4500
001 4639
003 ES-MaACL
005 20240620063046.0
007 s|r|||||||||||
008 070803s1965 sp ||| g ||||||||1|nspa d
100 1 _aAlcántara, Manuel.
_919497
245 1 0 _aManuel Alcántara enjuicia su obra
_h[Grabación sonora] /
_cinterviene Manuel Alcántara.
260 _aMadrid :
_bAteneo de Madrid,
_c1965.
300 _a1 disco (CD-DA) (1 h. 4 min. 52 seg.) ;
_c12 cm.
490 1 _aEl autor enjuicia su obra
500 _aDatos basados en la invitación.
518 _aActo organizado por el Aula de Literatura del Ateneo de Madrid, grabado en el salón de actos el jueves 9 de diciembre de 1965.
610 2 4 _aAteneo de Madrid-
_xActos culturales-
_y1965-
_vGrabaciones sonoras.
_91879
710 2 _aAteneo de Madrid.
_bAula de Literatura.
_91943
830 0 _aEl autor enjuicia su obra
_9177074
852 _aES-MaACL
_jROT 3/2/3
_94756
_cROT
942 _2udc
999 _c4639
_d4639